Loading...

Macro-economic theory: a mathematical treatment /

Bibliographic Details
Main Author: Allen, R. G. D.
Format: Printed Book
Language:English
Published: Macmillan, 1970.
LEADER 00461nam a2200133Ia 4500
008 150624b xxu||||| |||| 00| 0 eng d
082 |a 339 
100 |a Allen, R. G. D. 
245 |a Macro-economic theory:  |b a mathematical treatment /  |c R. G. D. Allen 
260 |b Macmillan,  |c 1970. 
300 |a 420 p. 
942 |c TXT 
999 |c 18973  |d 18973 
952 |0 0  |1 0  |4 0  |6 339_000000000000000_ALL_M_T  |7 0  |9 18972  |a UL  |b UL  |c Ref2  |d 1998-09-01  |l 0  |o 339 ALL/M T  |p 28652  |r 2012-10-27  |w 2012-10-27  |y TXT